000 00475nam a2200181Ia 4500
001 1666
005 20260306143745.0
008 260306t2006||||xx |||||||||||||| ||spa||
041 _aESP
082 _a153.93
_bC72
100 _aCohen, Ronald Jay
_eAUT
245 0 _aPruebas y evaluación psicológicas:
_bintroducción a las pruebas y a la medición
260 _c2006
300 _a565 páginas :
_c27 cm.
650 _aGEN
654 _aCPS
942 _cLIB
_dJUS
_fJUS
_2ddc
_n
999 _c1666
_d1666